00602nam a2200217Ia 4500003000400000005001700004006001900021007000300040008004100043020001700084024001100101037001200112040002000124041001300144082002400157100001500181245005600196260004000252300001200292490008000304OSt20221006144015.0a|||||r|||| 00| 0 ta221006b |||||||| |||| 00| 0 eng d c28.50(each) a10,637 cTextual aEASLcEASLbeng 2engaeng aW691xM18:g, M5.1-.3 aDRAPER Hal 0aMarx-Engels chronicle, register, glossary, 3 Vols. aNew York bSchocken Books c1985 ap.ccm. vV.1:Day-by-day chronology of Marx and Engels' life and activity (297p). Oth